Złote Maliny - XXI wiek - zwycięzcy - Statystyki

Ogólne statystyki
  • Ten quiz został rozwiązany 10 razy
  • Średni wynik to 5 z 21
Statystyki odpowiedzi
Rok Złota Malina za NAJGORSZY FILM % Poprawnych
2012 Jack i Jill
50%
2020 Koty
50%
2001 Bitwa o Ziemię
30%
2018 Emotki
30%
2017 Hillary's America
30%
2019 Holmes i Watson
30%
2014 Movie 43
30%
2016 Pięćdziesiąt twarzy Greya
30%
2006 Dirty love
20%
2004 Gigli
20%
2009 Guru miłości
20%
2005 Kobieta-Kot
20%
2002 Luźny gość
20%
2007 Nagi instynkt 2
20%
2011 Ostatni władca wiatru
20%
2003 Rejs w nieznane
20%
2015 Saving Christmas
20%
2010 Transformers: Zemsta Upadłych
20%
2008 Wiem kto mnie zabił
20%
2013 Zmierzch: Przed świtem. Część 2
20%
2016 Fantasatyczna Czwórka
0%
Nie znaleziono quizów pasujących do podanych kryteriów
Rozkład punktacji
Procent ludzi z każdym wynikiem
Percentyl według liczby udzielonych odpowiedzi
Twoja historia wyników
Nie rozwiązałeś tego quizu